| 000 | 00756cab a22001935a 4500 | ||
|---|---|---|---|
| 001 | L144307 | ||
| 008 | 080709s2008 xxkdo f s 000 0 eng d | ||
| 035 | _a(Sirsi) u144307 | ||
| 041 | 0 | _aeng | |
| 110 | 2 | _aHousebuilder | |
| 245 | 0 | 0 | _aMidlands mismatch |
| 260 | _c2008 | ||
| 490 |
_aHousebuilder _v87(6) July 2008, 18-19(2) |
||
| 520 | _aArticle explains that the market slowdown across the east midlands has made trading difficult for small and medium enterprises (SMEs) in the region; who are experiencing reduced sales and resevations as a result of lower consumer access to mortgages and are yet to benefit from any reduction of land values | ||
| 590 | _aKA | ||
| 651 | 4 |
_aUnited Kingdom _y |
|
| 690 |
_aResidential property _96266 |
||
| 942 | _n0 | ||
| 999 |
_c80422 _d80422 |
||